Statistics for Air Travel Superlatives

Click here to take the quiz!

General Stats

  • This quiz has been taken 29 times
    (11 since last reset)
  • The average score is 11 of 20

Answer Stats

CategoryAnswer% Correct
Country With the Most AirportsUnited States
100%
Largest Airline (Passengers)American Airlines
91%
Largest Airport SystemLondon
91%
Largest Secondary AirportLondon-Gatwick
91%
City With the Most AirportsNew York
82%
Largest Airport (Passengers)Atlanta-Hartsfield Jackson
82%
Largest Airport (International Passengers)Dubai
64%
Longest Air RouteAuckland
55%
Largest Airport (Countries Served)Paris-Charles de Gualle
55%
Largest Airline (Countries Served)Turkish Airlines
55%
Largest Commercial JetAirbus A380
55%
Most Sold Commercial JetBoeing 737
55%
Doha-Hamad
45%
Busiest Air Route (International)Hong Kong
36%
Busiest Air RouteSeoul-Gimpo
36%
Taipei-Taoyuan
27%
Largest Airline (Freight Carried)FedEx Express
27%
Jeju City
18%
Largest Airline (International Passengers)Ryanair
18%
Largest General Aviation AirportPhoenix-Deer Valley
0%

Score Distribution

Percentile by Number Answered

Percent of People with Each Score

Your Score History

You have not taken this quiz since the last reset